London Underground-Central Line Stations - Statistics

General Stats
  • This quiz has been taken 876 times
  • The average score is 37 of 49
Answer Stats
Central Line % Correct
Oxford Circus
91%
Bank
89%
Tottenham Court Road
89%
St Pauls
88%
Epping
87%
Holborn
87%
Liverpool Street
87%
Bond Street
86%
Chancery Lane
86%
Marble Arch
84%
Leyton
83%
Mile End
83%
Leytonstone
82%
Notting Hill Gate
82%
Stratford
82%
Lancaster Gate
81%
Shepherds Bush
81%
Bethnal Green
80%
Ealing Broadway
79%
Queensway
79%
West Ruislip
79%
Hainault
77%
White City
77%
Holland Park
76%
Theydon Bois
74%
North Acton
73%
Woodford
73%
East Acton
72%
Ruislip Gardens
72%
South Woodford
71%
West Acton
71%
Gants Hill
70%
Grange Hill
70%
Loughton
69%
Hanger Lane
68%
Greenford
67%
South Ruislip
67%
Newbury Park
65%
Roding Valley
65%
Chigwell
64%
Perivale
64%
Snaresbrook
63%
Wanstead
63%
Debden
62%
Buckhurst Hill
61%
Redbridge
61%
Fairlop
60%
Northolt
59%
Barkingside
56%
No matching quizzes found
Score Distribution
Percent of People with Each Score
Percentile by Number Answered
Your Score History
You have not taken this quiz